000 00865cam a2200253 a 4500
999 _c35006
_d35006
001 13371065
003 OSt
005 20200131145023.0
008 030606s2003 ii b 000 0 eng
040 _coclc
082 _a954.03
_bDAL/O
100 _aDalmia, Vasudha
_d1947-
_91706
245 1 0 _aOrienting India :
_bEuropean knowledge formation in the eighteenth and nineteenth centuries /
_cVasudha Dalmia
250 _a1st ed.
260 _aNew Delhi :
_bThree Essays Collective,
_c2003.
300 _a81 p
_c22 cm.
440 0 _aReadings (Three Essays Press)
504 _aIncludes bibliographical references.
651 0 _aIndia
_xStudy and teaching.
710 2 _aThree Essays Press.
906 _a7
_bcbc
_corigode
_d3
_encip
_f20
_gy-gencatlg
942 _2ddc
_cBK
_h954.03
_iDAL/O
_k954.03
_mDAL/O